Detalles MARC
| 000 -ENCABEZADO |
| Número de control [NR] |
01271nam a2200325Ia 4500 |
| 005 - FECHA Y HORA DE LA ÚLTIMA TRANSACCIÓN |
| control field |
20191107075245.0 |
| 008 - DE LONGITUD FIJA DE DATOS DE ELEMENTOS - INFORMACIÓN GENERAL |
| Elementos de longitud fija [NR] |
130821m20071998ck gr spa |
| 020 ## - NUMERO INTERNACIONAL NORMALIZADO PARA LIBROS [R] |
| ISBN Cancelado/ Invalidado [R] |
9789509502161 (5a.Ed.T.1) |
| 020 ## - NUMERO INTERNACIONAL NORMALIZADO PARA LIBROS [R] |
| Número Internacional Normalizado del libro [NR] |
9789509502444 (10a.Ed.T.1) |
| 020 ## - NUMERO INTERNACIONAL NORMALIZADO PARA LIBROS [R] |
| ISBN Cancelado/ Invalidado [R] |
9789509502130 (2a.Ed.T.2) |
| 020 ## - NUMERO INTERNACIONAL NORMALIZADO PARA LIBROS [R] |
| Número Internacional Normalizado del libro [NR] |
9789509502451 (9a.Ed.T.2) |
| 020 ## - NUMERO INTERNACIONAL NORMALIZADO PARA LIBROS [R] |
| ISBN Cancelado/ Invalidado [R] |
9789509502123 (4a.Ed.T.1) |
| 020 ## - NUMERO INTERNACIONAL NORMALIZADO PARA LIBROS [R] |
| ISBN Cancelado/ Invalidado [R] |
9789509502154 (3a.Ed.T.2) |
| 020 ## - NUMERO INTERNACIONAL NORMALIZADO PARA LIBROS [R] |
| ISBN Cancelado/ Invalidado [R] |
9789509502192 (4a.Ed.T3) |
| 020 ## - NUMERO INTERNACIONAL NORMALIZADO PARA LIBROS [R] |
| Número Internacional Normalizado del libro [NR] |
9789509502437 (9a.Ed.T3) |
| 020 ## - NUMERO INTERNACIONAL NORMALIZADO PARA LIBROS [R] |
| Número Internacional Normalizado del libro [NR] |
9789509502468 (10a.Ed.T.4) |
| 040 ## - FUENTE DE CATALOGACION [NR] |
| Agencia de catalogación original [NR] |
Co-BoUCM |
| Idioma de catalogación [NR] |
spa |
| Quien Cataloga |
Saul Niño |
| Quien Clasifica |
Saul Niño |
| 041 00 - CODIGO DE IDIOMA [R] |
| Código de idioma para texto/pista de sonido o título separado [R] |
Español |
| 100 1# - ASIENTO PRINCIPAL--NOMBRE PERSONAL [NR] |
| Nombre personal [NR] |
Gordillo, Agustín Alberto |
| Fechas asociadas con el nombre [NR] |
1938- |
| ID Autoridad |
98136 |
| 245 13 - MENCION DE TITULO [NR] |
| Título [NR] |
Tratado de derecho administrativo |
| Mención de responsabilidad, etc. [NR] |
Agustín Gordillo |
| 250 ## - MENCION DE EDICION [NR] |
| Mención de edición [NR] |
Quinta edición |
| 260 ## - PUBLICACION, DISTRIBUCION, ETC. (PIE DE IMPRENTA) [R] |
| Lugar de publicación, distribución, etc. [R] |
Medellín |
| -- |
Buenos Aires (Argentina) |
| Nombre del editor, distribuidor, etc. [R] |
Fundación de derecho Administrativo |
| Fecha de publicación, distribución, etc. [R] |
1998-2007 |
| 300 ## - DESCRIPCION FISICA [R] |
| Extensión [R] |
4 tomos |
| 505 ## - NOTA DE CONTENIDO CON FORMATO PREESTABLECIDO [R] |
| Información miscelánea [R] |
T1. Parte general. -- T2. La defensa del usuario y del administrado. -- T.3. El acto administrativo.-- T.4. El procedimiento administrativo |
| 650 04 - ASIENTO SECUNDARIO DE MATERIA - TERMINO TEMATICO [R] |
| Término temático o nombre geográfico como elemento de entrada [NR] |
Actos administrativos |
| 9 (RLIN) |
8462 |
| 650 04 - ASIENTO SECUNDARIO DE MATERIA - TERMINO TEMATICO [R] |
| Término temático o nombre geográfico como elemento de entrada [NR] |
Contratos administrativos |
| 9 (RLIN) |
7452 |
| 650 04 - ASIENTO SECUNDARIO DE MATERIA - TERMINO TEMATICO [R] |
| Término temático o nombre geográfico como elemento de entrada [NR] |
Derecho administrativo |
| 9 (RLIN) |
12695 |
| 942 ## - ELEMENTOS DE ENTRADA AGREGADOS (KOHA) |
| Tipo de ítem principal el descrito en 300a |
Libro |
| Tema principal |
Derecho |
| Edición |
10 |
| Parte restante de la signatura top. |
G661tat |
| Sistema de clasificación |
DEWEY |
| Clasificación |
342.066 |